Statistiques concernant Indices Boursières internationaux

Cliquez ici pour prendre le quiz!

Statistiques générales

  • Ce quiz a été pris 13 fois
  • Le résultat moyen est 2 sur 58

Statistiques - réponses

Dernière échange
PaysNom de l'indice boursière% Correct
8 045.38FranceCAC 40
100%
5 149.77États-UnisS&P 500
27%
11 495.21SuisseSMI
27%
18 095.96AllemagneDAX
18%
3 831.77BelgiqueBEL 20
9%
7 961.21Royaume UniFTSE 100
9%
19 801.75Royaume UniFTSE 250
9%
4 384.72Royaume UniFTSE 350
9%
886.67Pays-BasAEX
0%
7 243.50AustralieAll Ordinaries
0%
1 420.30GrèceAthex Composite
0%
1 228 294.18ArgentineBUENOS AIRES MERVAL
0%
16.24États-UnisCBOE VIX
0%
3 356.53ChineCSI 100
0%
3 504.71ChineCSI 300
0%
38 357.52États-UnisDOW JONES INDUSTRIAL
0%
5 000.83Zone EuroEURO STOXX 50
0%
34 039.63ItalieFTSE MIB
0%
2 564.72Hong KongHANG SENG HK COMPOSITE
0%
17 139.17Hong KongHONG KONG HANG SENG
0%
10 768.50EspagneIBEX 35
0%
17 962.17États-UnisNASDAQ 100
0%
1 052.11AustralieNASDAQ Australia Large Mid Cap
0%
687.16AutricheNASDAQ Austria Large Mid Cap
0%
848.86BrésilNASDAQ Brazil LMC
0%
661.74ChiliNASDAQ Chile Large Mid Cap
0%
461.97ColombieNASDAQ Colombia Large Mid Cap
0%
16 124.41États-UnisNASDAQ Composite
0%
3 244.18DanemarkNASDAQ Denmark Large Mid Cap
0%
596.50ÉgypteNASDAQ Egypt Large Mid Cap
0%
1 007.27FinlandeNASDAQ Finland Large Mid Cap
0%
1 179.94IndonésieNASDAQ Indonesia Large Mid Cap
0%
1 786.29IrlandeNASDAQ Ireland Large Mid Cap
0%
1 006.09IsraëlNASDAQ Israel Large Mid Cap
0%
1 285.13Corée du SudNASDAQ Korea Large Mid Cap
0%
570.73MalaisieNASDAQ Malaysia Large Mid Cap
0%
1 051.22MexiqueNASDAQ Mexico Large Mid Cap
0%
1 097.03MarocNASDAQ Morocco Large Mid Cap
0%
1 125.45Nouvelle-ZélandeNASDAQ New Zealand Large Mid Cap
0%
1 245.89PérouNASDAQ Peru Large Mid Cap
0%
1 041.21PhilippinesNASDAQ Philippines Large Mid Cap
0%
825.32PologneNASDAQ Poland Large Mid Cap
0%
1 031.42SingapourNASDAQ Singapore Large Mid Cap
0%
892.14Afrique du SudNASDAQ South Africa Large Mid Cap
0%
2 618.29TaïwanNASDAQ Taiwan Large Mid Cap
0%
938.61ThaïlandeNASDAQ Thailand Large Mid Cap
0%
791.20TurquieNASDAQ Turkey Large Mid Cap
0%
39 581.81JaponNikkei 225
0%
2 622.45DanemarkOMX Copenhagen 20
0%
4 467.89FinlandeOMX Helsinki 25
0%
2 519.05SuèdeOMX Stockholm 30
0%
1 264.10NorvègeOSLO OBX
0%
6 279.78PortugalPSI 20
0%
18 125.58ChiliSantiago IGPA
0%
3 027.33ChineSHANGHAI COMPOSITE
0%
1 720.28ChineSHENZHEN COMPOSITE
0%
20 797.71TaïwanTAIEX
0%
3 964.96AllemagneTECHN. ALL SHARE TR
0%

Distribution des résultats

Percentile par nombre de réponses

% des personnes avec chaque résultat

Votre développement - résultats

Vous n’avez pas pris ce quiz